Libro del año, 1993 : (Record no. 191133)

MARC details
000 -LEADER
campo de control de longitud fija 00844nam a2200241 a 4500
001 - NÚMERO DE CONTROL
campo de control 191133
003 - IDENTIFICADOR DE NÚMERO DE CONTROL
campo de control ES-MaACL
005 - FECHA Y HORA DE LA ÚLTIMA TRANSACCIÓN
campo de control 20230906223936.0
008 - DATOS DE LONGITUD FIJA--INFORMACIÓN GENERAL
campo de control de longitud fija 220914s1993 xxu|||||| 001 ||eng|c
020 ## - NÚMERO INTERNACIONAL ESTÁNDAR DEL LIBRO
Número Internacional Estándar del Libro 156409006X
022 ## - NÚMERO INTERNACIONAL NORMALIZADO PARA PUBLICACIONES SERIADAS
Número Internacional Normalizado para Publicaciones Seriadas 1055-632X
040 ## - FUENTE DE CATALOGACIÓN
Centro catalogador/agencia de origen ES-BaCBU
Lengua de catalogación cat
Centro/agencia transcriptor ES-BaCBU
080 ## - NÚMERO DE LA CLASIFICACIÓN DECIMAL UNIVERSAL
Número de la Clasificación Decimal Universal (058)"1993"
245 00 - MENCIÓN DEL TÍTULO
Título Libro del año, 1993 :
Resto del título resumen ilustrado de actualización, con los principales acontecimientos de 1992, para las obras en español de Encyclopaedia Britannica Publishers, Inc.
260 ## - PUBLICACIÓN, DISTRIBUCIÓN, ETC.
Lugar de publicación, distribución, etc. México, D.F. :
Nombre del editor, distribuidor, etc. Encyclopaedia Britannica de México,
Fecha de publicación, distribución, etc. cop. 1993.
300 ## - DESCRIPCIÓN FÍSICA
Extensión 415 p. :
Otras características físicas il. ;
Dimensiones 29 cm.
504 ## - NOTA DE BIBLIOGRAFÍA, ETC.
Nota de bibliografía, etc. Índice.
655 #7 - TERMINO DE INDIZACIÓN--GENERO/FORMA
Fuente del término tgfbne
9 (RLIN) 226822
Datos o término principal de género/forma Anuarios
710 2# - ENTRADA AGREGADA--NOMBRE DE ENTIDAD CORPORATIVA
Nombre de entidad corporativa o nombre de jurisdicción como elemento de entrada Encyclopaedia Britannica.
9 (RLIN) 3472
852 ## - LOCALIZACIÓN
Ubicación ES-MaACL
Número de control de estantería ANU 058 lib "1993"
942 ## - ELEMENTOS DE ENTRADA SECUNDARIOS (KOHA)
Fuente del sistema de clasificación o colocación Clasificación decimal universal
Holdings
Estatus retirado Estado de pérdida Estado de daño No para préstamo Biblioteca de origen Biblioteca actual Ubicación en estantería Fecha de adquisición Total de préstamos Signatura topográfica completa Código de barras Visto por última vez Precio de reemplazo Tipo de ítem Koha
        Biblioteca del Ateneo de Madrid Biblioteca del Ateneo de Madrid Sala Pecera Referencia 14/09/2022   ANU 058 lib "1993 1203448 23/02/2023 23/02/2023 Libro impreso